000 00592nam a2200193 i 4500
001 51278
003 ES-MaACL
005 20230906162328.0
007 t|
008 030812s1970 sp ||||1| spa d
100 1 _aDacie, J. V.
_942414
245 1 0 _aHematología práctica /
_cpor J.V. Dacie y S.M. Lewis ; versión española de J. Trigniner Boixeda.
250 _a[2ª ed.].
260 _aBarcelona :
_bToray,
_c[1970]
300 _aVI, 536 p. :
_bil. ;
_c25 cm.
700 1 _aLewis, S. M.
_972070
700 1 _aTriginer Boixeda, José.
_9111408
852 _aES-MaACL
_jC-37339
_bR.75949
999 _c51278
_d51278